Encyclopedia of Food Allergy (Record no. 52464)

MARC details
000 -LEADER
fixed length control field 00614nam a22002177a 4500
003 - CONTROL NUMBER IDENTIFIER
control field OSt
008 - FIXED-LENGTH DATA ELEMENTS--GENERAL INFORMATION
fixed length control field 260629b |||||||| |||| 00| 0 eng d
020 ## - INTERNATIONAL STANDARD BOOK NUMBER
International Standard Book Number 9780323960182
082 ## - DEWEY DECIMAL CLASSIFICATION NUMBER
Classification number 616.975003
Item number S56E
245 ## - TITLE STATEMENT
Title Encyclopedia of Food Allergy
Statement of responsibility, etc. Editer- Sicherer, Scott H.
260 ## - PUBLICATION, DISTRIBUTION, ETC. (IMPRINT)
Place of publication, distribution, etc Amsterdam, Netherlands
Name of publisher, distributor, etc Elsevier
Date of publication, distribution, etc 2024
300 ## - PHYSICAL DESCRIPTION
Extent 881p.
365 ## - TRADE PRICE
Price note 61620.00, INR
650 ## - SUBJECT ADDED ENTRY--TOPICAL TERM
Topical term or geographic name as entry element Food allergy.
650 ## - SUBJECT ADDED ENTRY--TOPICAL TERM
Topical term or geographic name as entry element Food allergy $v Encyclopedias.
650 ## - SUBJECT ADDED ENTRY--TOPICAL TERM
Topical term or geographic name as entry element Food intolerance.
650 ## - SUBJECT ADDED ENTRY--TOPICAL TERM
Topical term or geographic name as entry element Immunological diseases.
650 ## - SUBJECT ADDED ENTRY--TOPICAL TERM
Topical term or geographic name as entry element Allergy
650 ## - SUBJECT ADDED ENTRY--TOPICAL TERM
Topical term or geographic name as entry element Food allergy $v Encyclopedias.
942 ## - ADDED ENTRY ELEMENTS (KOHA)
Source of classification or shelving scheme
Koha item type Reference Books
Holdings
Withdrawn status Lost status Source of classification or shelving scheme Damaged status Not for loan Home library Current library Shelving location Date acquired Source of acquisition Currency Cost, normal purchase price Total Checkouts Full call number Barcode Date last seen Bill Date Koha item type Public note Bill Number
          Dr. Rajendra Prasad Central Agricultural University Pusa, Dr. Rajendra Prasad Central Agricultural University Pusa, Reference 29/06/2026 TTPP, New Delhi INR 61620.00   616.975003 S56E 87753 29/06/2026 29/01/2026 Reference Books Volume-1 IN-00449
Hosted, Implemented, Customized & Maintained by: BestBookBuddies

Powered by Koha